Sok a katonatolvaj [rövid hír]
Elmentve itt :
| Dokumentumtípus: | Cikk |
|---|---|
| Megjelent: |
1917-07-26
|
| Sorozat: | Délmagyarország
6 No. 173 |
| Kulcsszavak: | Bűncselekmény élelmiszer lopás 1917, Szabadka |
| Online Access: | http://dmarchiv.bibl.u-szeged.hu/58555 |
| LEADER | 00440nab a2200145 i 4500 | ||
|---|---|---|---|
| 001 | delm58555 | ||
| 005 | 20180927144610.0 | ||
| 008 | 180927s1917 hu o 0|| hun d | ||
| 040 | |a SZTE Délmagyarország Archívum |b hun | ||
| 041 | |a hun | ||
| 245 | 0 | 0 | |a Sok a katonatolvaj |h [elektronikus dokumentum] : |b [rövid hír] |
| 260 | |c 1917-07-26 | ||
| 300 | |a 7 | ||
| 490 | 0 | |a Délmagyarország |v 6 No. 173 | |
| 695 | |a Bűncselekmény élelmiszer lopás 1917, Szabadka | ||